State Capitals That Beat Denver - Statistics

General Stats
  • This quiz has been taken 759 times
  • The average score is 14 of 17
Answer Stats
Rank Category State Capital % Correct
8 Closest to Mexico Phoenix | Austin | Santa Fe | Oklahoma City | Baton Rouge | Carson City | Sacramento
99%
10 Most Common as a First Name Austin | Madison | Jackson | Lincoln | Cheyenne | Trenton | Phoenix | Helena | Pierre
97%
9 Largest Area (City Proper) Juneau | Oklahoma City | Nashville | Phoenix | Indianapolis | Austin | Columbus | Montgomery
95%
6 Least Precipitation Phoenix | Carson City | Helena | Boise | Santa Fe
93%
8 Farthest From a State or National Border or the Ocean Austin | Phoenix | Helena | Oklahoma City | Pierre | Little Rock | Santa Fe
89%
6 Farthest From the Ocean Pierre | Cheyenne | Des Moines | Bismarck | Lincoln
89%
8 Fastest Growing (2010-2020) Austin | Raleigh | Boise | Nashville | Bismarck | Des Moines | Olympia
87%
4(t) Shortest Name Boise | Dover | Salem | Albany(t) | Austin(t) | Boston(t) | Helena(t) | Juneau(t) | Pierre(t) | Topeka(t)
87%
5 Tallest Building Atlanta | Oklahoma City | Indianapolis | Boston
86%
5 Most Populous (City Proper) Phoenix | Austin | Columbus | Indianapolis
84%
2 Largest Airport Atlanta
82%
6 Highest GDP Per Capita Boston | Des Moines | Trenton | Madison | Hartford
80%
5 Most Populous in 1900 Boston | Providence | Indianapolis | St. Paul
79%
2 Most Populous in 1960 Boston
69%
3 Highest Elevation Santa Fe | Cheyenne
69%
5 Closest to a National Park Columbia | Juneau | Charleston | Olympia
68%
2 Most Guessed on the Jetpunk State Capitals Quiz Sacramento
60%
No matching quizzes found
Score Distribution
Percent of People with Each Score
Percentile by Number Answered
Your Score History
You have not taken this quiz